Eksport udført — 

Giáo dục học; T2

Đã lưu trong:
Bibliografiske detaljer
Hovedforfatter: Hà Thế Ngữ
Format: Bog
Sprog:Undetermined
Udgivet: Hà Nội Giáo dục 1988
Fag:
Tags: Tilføj Tag
Ingen Tags, Vær først til at tagge denne postø!
Thư viện lưu trữ: Trung tâm Học liệu Trường Đại học Cần Thơ
LEADER 00471nam a2200169Ia 4500
001 CTU_6071
008 210402s9999 xx 000 0 und d
082 |a 370.1 
082 |b Ng550/T2 
100 |a Hà Thế Ngữ 
245 0 |a Giáo dục học; T2 
245 0 |c Hà Thế Ngữ, Đặng Vũ Hoạt 
260 |a Hà Nội 
260 |b Giáo dục 
260 |c 1988 
650 |a education 
980 |a Trung tâm Học liệu Trường Đại học Cần Thơ